<?xml version="1.0" encoding="UTF-8"?>
<record
    xmlns:xsi="http://www.w3.org/2001/XMLSchema-instance"
    xsi:schemaLocation="http://www.loc.gov/MARC21/slim http://www.loc.gov/standards/marcxml/schema/MARC21slim.xsd"
    xmlns="http://www.loc.gov/MARC21/slim">

  <leader>00899nam a22002657a 4500</leader>
  <controlfield tag="003">AR-BeUNQ</controlfield>
  <controlfield tag="005">20250319233921.0</controlfield>
  <controlfield tag="008">250319b19832024spaaod||rf||| 0|1 e spa d</controlfield>
  <datafield tag="020" ind1=" " ind2=" ">
    <subfield code="a">9789508454270</subfield>
  </datafield>
  <datafield tag="040" ind1=" " ind2=" ">
    <subfield code="a">AR-BeUNQ</subfield>
    <subfield code="b">spa</subfield>
    <subfield code="c">AR-BeUNQ</subfield>
    <subfield code="e">aacr</subfield>
  </datafield>
  <datafield tag="082" ind1=" " ind2=" ">
    <subfield code="2">21</subfield>
    <subfield code="a">119 MOS</subfield>
  </datafield>
  <datafield tag="100" ind1=" " ind2=" ">
    <subfield code="a"> Moscardi Mat&#xED;as,</subfield>
    <subfield code="c">aut.</subfield>
    <subfield code="d">1983</subfield>
  </datafield>
  <datafield tag="245" ind1=" " ind2=" ">
    <subfield code="a">&#xA1;El gran Deleuze! : </subfield>
    <subfield code="b">Para peque&#xF1;as m&#xE1;quinas infantes</subfield>
    <subfield code="c">Matias Moscardi. </subfield>
    <subfield code="h">libro</subfield>
  </datafield>
  <datafield tag="250" ind1=" " ind2=" ">
    <subfield code="a">1a.ed</subfield>
  </datafield>
  <datafield tag="260" ind1=" " ind2=" ">
    <subfield code="a">Rosario : </subfield>
    <subfield code="b">Beatriz Viterbo,</subfield>
    <subfield code="c">2023</subfield>
  </datafield>
  <datafield tag="300" ind1=" " ind2=" ">
    <subfield code="a">214 p. ; </subfield>
    <subfield code="b">il. ;</subfield>
    <subfield code="c">21 cm</subfield>
  </datafield>
  <datafield tag="490" ind1=" " ind2=" ">
    <subfield code="a">Ficciones- Album</subfield>
  </datafield>
  <datafield tag="650" ind1=" " ind2=" ">
    <subfield code="a">Ensayo Filos&#xF3;fico</subfield>
    <subfield code="2">spines</subfield>
  </datafield>
  <datafield tag="651" ind1=" " ind2=" ">
    <subfield code="2">unescot</subfield>
    <subfield code="a">Argentina</subfield>
  </datafield>
  <datafield tag="700" ind1=" " ind2=" ">
    <subfield code="a">Aruki</subfield>
    <subfield code="d">1983</subfield>
    <subfield code="e">ilust.</subfield>
  </datafield>
  <datafield tag="830" ind1=" " ind2=" ">
    <subfield code="v">Identidades Bonaerenses</subfield>
  </datafield>
  <datafield tag="856" ind1=" " ind2=" ">
    <subfield code="3">https://www.revistaanfibia.com/comunidad/ </subfield>
  </datafield>
  <datafield tag="929" ind1=" " ind2=" ">
    <subfield code="a">DONACION</subfield>
    <subfield code="b">Ministerio de Educacci&#xF3;n de la Pcia. de Buenos Aires</subfield>
    <subfield code="c">0</subfield>
    <subfield code="d">0</subfield>
    <subfield code="e">03/2024</subfield>
    <subfield code="f">PAT0082668</subfield>
    <subfield code="j">62078</subfield>
  </datafield>
  <datafield tag="942" ind1=" " ind2=" ">
    <subfield code="c">LIB</subfield>
  </datafield>
  <datafield tag="999" ind1=" " ind2=" ">
    <subfield code="c">1212</subfield>
    <subfield code="d">1212</subfield>
  </datafield>
  <datafield tag="952" ind1=" " ind2=" ">
    <subfield code="0">0</subfield>
    <subfield code="1">0</subfield>
    <subfield code="a">BIBESET</subfield>
    <subfield code="b">BIBESET</subfield>
    <subfield code="c">sala</subfield>
    <subfield code="d">2025-03-19</subfield>
    <subfield code="l">0</subfield>
    <subfield code="o">119 MOS</subfield>
    <subfield code="p">62078</subfield>
    <subfield code="r">2025-03-19</subfield>
    <subfield code="w">2025-03-19</subfield>
    <subfield code="y">LIB</subfield>
    <subfield code="k">GA</subfield>
  </datafield>
</record>
